[Event "GER-ch Blitz 2019"]
[Site "Magdeburg"]
[Date "2019.05.25"]
[Round "4.10"]
[White "Koch, Thomas"]
[Black "Schulz, Karsten"]
[Result "1/2-1/2"]
[WhiteElo "2474"]
[BlackElo "2227"]
[Annotator "ChessBase"]
[PlyCount "188"]
[EventDate "2019.05.25"]
[EventType "tourn"]
[EventCountry "GER"]
[Tiebreak "Number of wins+Number of black wins"]
[SourceTitle "playchess.com"]
[Source "ChessBase"]
[SourceQuality "1"]
[TimeControl "180+2"]

1. d4 {[%emt 0:00:00]} Nf6 {[%emt 0:00:00]} 2. c4 {[%emt 0:00:00]} g6 {[%emt 0:
00:00]} 3. Nc3 {[%emt 0:00:00]} Bg7 {[%emt 0:00:03]} 4. e4 {[%emt 0:00:01]} O-O
{[%emt 0:00:01]} 5. Nf3 c6 6. Bd3 {[%emt 0:00:09]} d6 {[%emt 0:00:02]} 7. h3 {
[%emt 0:00:04]} a6 {[%emt 0:00:01]} 8. O-O {[%emt 0:00:03]} b5 {[%emt 0:00:01]}
9. a3 {[%emt 0:00:01]} Bb7 {[%emt 0:00:01]} 10. Re1 {[%emt 0:00:01]} bxc4 {
[%emt 0:00:05]} 11. Bxc4 {[%emt 0:00:02]} d5 {[%emt 0:00:00]} 12. Bd3 {[%emt 0:
00:06]} dxe4 13. Nxe4 {[%emt 0:00:02]} Nxe4 {[%emt 0:00:07]} 14. Bxe4 Nd7 15.
Qb3 {[%emt 0:00:19]} Qc7 {[%emt 0:00:14]} 16. Qc2 {[%emt 0:00:44]} Nf6 {
[%emt 0:00:17]} 17. Bd3 {[%emt 0:00:01]} Nd5 {[%emt 0:00:03]} 18. Bg5 {[%emt 0:
00:06]} e6 {[%emt 0:00:02]} 19. Rac1 {[%emt 0:00:05]} Rac8 {[%emt 0:00:08]} 20.
Qd2 {[%emt 0:00:03]} Qb6 {[%emt 0:00:07]} 21. Bh6 {[%emt 0:00:14]} c5 {[%emt 0:
00:04]} 22. Bxg7 {[%emt 0:00:16]} Kxg7 {[%emt 0:00:01]} 23. Ne5 {[%emt 0:00:02]
} Rfd8 {[%emt 0:00:31]} 24. dxc5 {[%emt 0:00:14]} Rxc5 {[%emt 0:00:09]} 25.
Rxc5 {[%emt 0:00:05]} Qxc5 {[%emt 0:00:02]} 26. Be4 {[%emt 0:00:07]} Qc7 {
[%emt 0:00:20]} 27. Ng4 {[%emt 0:00:18]} Qe7 {[%emt 0:00:09]} 28. Bxd5 {
[%emt 0:00:06]} Rxd5 {[%emt 0:00:09]} 29. Qc3+ {[%emt 0:00:01]} f6 {[%emt 0:00:
06]} 30. Rc1 {[%emt 0:00:04]} Rd7 {[%emt 0:00:08]} 31. Qe3 {[%emt 0:00:04]} e5
{[%emt 0:00:14]} 32. Qb6 {[%emt 0:00:05]} h5 {[%emt 0:00:04]} 33. Ne3 {[%emt 0:
00:01]} Kh7 {[%emt 0:00:10]} 34. b4 {[%emt 0:00:05]} Kh6 {[%emt 0:00:05]} 35.
Qc5 {[%emt 0:00:10]} Qd6 {[%emt 0:00:06]} 36. Qxd6 {[%emt 0:00:02]} Rxd6 {
[%emt 0:00:01]} 37. Rc7 {[%emt 0:00:01]} Be4 {[%emt 0:00:03]} 38. h4 {[%emt 0:
00:03]} f5 {[%emt 0:00:06]} 39. Nc4 {[%emt 0:00:02]} Rd1+ {[%emt 0:00:02]} 40.
Kh2 {[%emt 0:00:01]} Ra1 {[%emt 0:00:09]} 41. Nxe5 {[%emt 0:00:05]} Rxa3 {
[%emt 0:00:05]} 42. f3 {[%emt 0:00:02]} Bb1 {[%emt 0:00:03]} 43. Nf7+ {[%emt 0:
00:03]} Kg7 {[%emt 0:00:01]} 44. Ng5+ {[%emt 0:00:01]} Kg8 {[%emt 0:00:03]} 45.
Kg3 {[%emt 0:00:02]} Ra4 {[%emt 0:00:02]} 46. Rb7 {[%emt 0:00:02]} Bd3 {
[%emt 0:00:02]} 47. Ne6 {[%emt 0:00:02]} Bb5 48. Nf4 {[%emt 0:00:03]} Rxb4 {
[%emt 0:00:07]} 49. Nxg6 {[%emt 0:00:01]} a5 {[%emt 0:00:01]} 50. Ne7+ {
[%emt 0:00:02]} Kf8 {[%emt 0:00:02]} 51. Nxf5 {[%emt 0:00:01]} a4 {[%emt 0:00:
01]} 52. Nd6 {[%emt 0:00:01]} a3 {[%emt 0:00:08]} 53. Nxb5 {[%emt 0:00:01]} a2
{[%emt 0:00:01]} 54. Ra7 {[%emt 0:00:01]} Rxb5 {[%emt 0:00:01]} 55. Rxa2 {
[%emt 0:00:01]} Kf7 {[%emt 0:00:00]} 56. Ra6 {[%emt 0:00:01]} Kg7 {[%emt 0:00:
02]} 57. Re6 {[%emt 0:00:02]} Rb2 {[%emt 0:00:01]} 58. Re5 {[%emt 0:00:02]} Kg6
{[%emt 0:00:01]} 59. Rg5+ {[%emt 0:00:01]} Kh6 {[%emt 0:00:01]} 60. Kh3 {
[%emt 0:00:01]} Rc2 {[%emt 0:00:01]} 61. Rf5 {[%emt 0:00:02]} Rc1 {[%emt 0:00:
01]} 62. g4 {[%emt 0:00:01]} hxg4+ {[%emt 0:00:02]} 63. fxg4 {[%emt 0:00:01]}
Rc3+ {[%emt 0:00:01]} 64. Kg2 {[%emt 0:00:01]} Rc2+ {[%emt 0:00:01]} 65. Rf2 {
[%emt 0:00:01]} Rc3 {[%emt 0:00:01]} 66. Rf3 {[%emt 0:00:01]} Rc2+ {[%emt 0:00:
01]} 67. Kg3 {[%emt 0:00:01]} Rc4 {[%emt 0:00:01]} 68. Rf6+ {[%emt 0:00:02]}
Kg7 {[%emt 0:00:01]} 69. Rf5 {[%emt 0:00:01]} Kg6 {[%emt 0:00:01]} 70. h5+ {
[%emt 0:00:01]} Kh6 {[%emt 0:00:02]} 71. Kh4 {[%emt 0:00:01]} Rc1 {[%emt 0:00:
01]} 72. Rf6+ {[%emt 0:00:01]} Kg7 {[%emt 0:00:01]} 73. Rb6 {[%emt 0:00:01]}
Rc7 {[%emt 0:00:01]} 74. Re6 {[%emt 0:00:03]} Rd7 {[%emt 0:00:01]} 75. Kg5 {
[%emt 0:00:01]} Rd5+ {[%emt 0:00:00]} 76. Kf4 Rd4+ 77. Re4 {[%emt 0:00:03]} Rd7
{[%emt 0:00:01]} 78. g5 {[%emt 0:00:01]} Rc7 {[%emt 0:00:01]} 79. Kg4 {[%emt 0:
00:01]} Rb7 {[%emt 0:00:01]} 80. Kf5 Rc7 81. Ke6 {[%emt 0:00:03]} Rc5 {[%emt 0:
00:05]} 82. Re5 {[%emt 0:00:01]} Rc6+ {[%emt 0:00:01]} 83. Kd7 {[%emt 0:00:03]}
Rc2 {[%emt 0:00:01]} 84. Re7+ {[%emt 0:00:01]} Kf8 {[%emt 0:00:01]} 85. Re8+ {
[%emt 0:00:02]} Kf7 {[%emt 0:00:01]} 86. Re7+ {[%emt 0:00:02]} Kf8 {[%emt 0:00:
01]} 87. Re5 {[%emt 0:00:01]} Kf7 {[%emt 0:00:05]} 88. Rf5+ {[%emt 0:00:02]}
Kg7 {[%emt 0:00:01]} 89. Kd6 {[%emt 0:00:02]} Rh2 {[%emt 0:00:04]} 90. g6 {
[%emt 0:00:08]} Kh6 {[%emt 0:00:15]} 91. Ke6 {[%emt 0:00:05]} Ra2 {[%emt 0:00:
03]} 92. Re5 {[%emt 0:00:04]} Ra7 {[%emt 0:00:06]} 93. Kf6 {[%emt 0:00:06]}
Ra6+ {[%emt 0:00:11]} 94. Kf7 {[%emt 0:00:05]} Rxg6 1/2-1/2

[Event "GER-ch Blitz 2019"]
[Site "Magdeburg"]
[Date "2019.05.25"]
[Round "4.11"]
[White "Carow, Johannes"]
[Black "Wichmann, Cliff"]
[Result "1/2-1/2"]
[WhiteElo "2445"]
[BlackElo "2280"]
[Annotator "NA"]
[PlyCount "73"]
[EventDate "2019.05.25"]
[EventType "tourn"]
[EventCountry "GER"]
[Tiebreak "Number of wins+Number of black wins"]
[SourceTitle "playchess.com"]
[Source "ChessBase"]
[SourceQuality "1"]
[TimeControl "180+2"]

1. Nf3 {[%emt 0:00:00]} d5 {[%emt 0:00:00]} 2. e3 {[%emt 0:00:01]} Nf6 {
[%emt 0:00:00]} 3. c4 {[%emt 0:00:02]} e6 {[%emt 0:00:02]} 4. Nc3 {[%emt 0:00:
01]} Be7 {[%emt 0:00:01]} 5. b3 {[%emt 0:00:03]} O-O {[%emt 0:00:03]} 6. Bb2 {
[%emt 0:00:01]} c6 {[%emt 0:00:01]} 7. d4 {[%emt 0:00:06]} Nbd7 {[%emt 0:00:02]
} 8. Bd3 {[%emt 0:00:02]} dxc4 {[%emt 0:00:18]} 9. bxc4 {[%emt 0:00:04]} c5 {
[%emt 0:00:03]} 10. d5 {[%emt 0:00:14]} exd5 {[%emt 0:00:19]} 11. cxd5 {
[%emt 0:00:01]} Nb6 {[%emt 0:00:01]} 12. e4 {[%emt 0:00:05]} c4 {[%emt 0:00:01]
} 13. Bc2 {[%emt 0:00:05]} Bg4 {[%emt 0:00:01]} 14. O-O {[%emt 0:00:15]} Re8 {
[%emt 0:00:03]} 15. Re1 {[%emt 0:00:53]} Bc5 {[%emt 0:00:02]} 16. h3 {[%emt 0:
00:11]} Bh5 {[%emt 0:00:00]} 17. a4 {[%emt 0:00:14]} a6 {[%emt 0:00:33]} 18.
Ba3 {[%emt 0:00:10]} Nbd7 {[%emt 0:00:02]} 19. Bxc5 {[%emt 0:00:09]} Nxc5 {
[%emt 0:00:01]} 20. Qd4 {[%emt 0:00:10]} Nb3 {[%emt 0:00:45]} 21. Bxb3 {
[%emt 0:00:02]} cxb3 {[%emt 0:00:01]} 22. e5 {[%emt 0:00:12]} b2 {[%emt 0:00:
13]} 23. Rab1 {[%emt 0:00:07]} Bxf3 {[%emt 0:00:03]} 24. gxf3 {[%emt 0:00:10]}
Nh5 {[%emt 0:00:05]} 25. Qg4 {[%emt 0:00:01]} Rc8 {[%emt 0:00:30]} 26. Re3 {
[%emt 0:00:17]} g6 {[%emt 0:00:08]} 27. Rxb2 {[%emt 0:00:03]} f5 {[%emt 0:00:
15]} 28. exf6 {[%emt 0:00:06]} Qxf6 {[%emt 0:00:01]} 29. Rxe8+ {[%emt 0:00:08]}
Rxe8 {[%emt 0:00:00]} 30. Rc2 {[%emt 0:00:03]} Nf4 {[%emt 0:00:02]} 31. Ne4 {
[%emt 0:00:01]} Qa1+ {[%emt 0:00:02]} 32. Kh2 {[%emt 0:00:00]} Qe5 {[%emt 0:00:
01]} 33. Qg3 {[%emt 0:00:02]} h5 {[%emt 0:00:02]} 34. h4 {[%emt 0:00:03]} Qf5 {
[%emt 0:00:02]} 35. Rc7 {[%emt 0:00:02]} Nxd5 {[%emt 0:00:03]} 36. Nd6 {
[%emt 0:00:03]} Rf8 {[%emt 0:00:03]} 37. Nxf5 {[%emt 0:00:01]} 1/2-1/2

[Event "GER-ch Blitz 2019"]
[Site "Magdeburg"]
[Date "2019.05.25"]
[Round "4.12"]
[White "Feuerstack, Aljoscha"]
[Black "Schneider, Ilja"]
[Result "0-1"]
[WhiteElo "2441"]
[BlackElo "2494"]
[Annotator "TA"]
[PlyCount "61"]
[EventDate "2019.05.25"]
[EventType "tourn"]
[EventCountry "GER"]
[Tiebreak "Number of wins+Number of black wins"]
[SourceTitle "playchess.com"]
[Source "ChessBase"]
[SourceQuality "1"]

{[%evp 12,61,52,45,55,30,34,3,31,6,9,-16,-8,-45,28,29,21,22,32,35,128,-4,-6,-6,
-6,-6,-6,-4,0,1,0,-77,-50,-67,-77,-90,-73,-84,84,37,336,0,0,0,9,0,0,0,0,0,0,10]
} 1. e4 d6 2. d4 Nf6 3. Bd3 e5 4. c3 Be7 5. Nf3 Nbd7 6. O-O O-O 7. Re1 c6 {
B07: Pirc Defence: Miscellaneous Systems} (7... Re8 8. Nbd2 Bf8 9. Nf1 b6 10.
Ng3 Bb7 11. h3 g6 12. Bg5 h6 13. Bd2 Bg7 14. Qc2 Rc8 15. Rad1 exd4 16. cxd4 {
0-1 (85) Alekseev,E (2616)-Khismatullin,D (2632) Riadh 2017}) 8. Na3 Re8 9. Nc2
Qc7 10. b4 $146 ({Predecessor:} 10. Ne3 g6 11. Qc2 Bf8 12. Nf1 Bg7 13. dxe5
dxe5 14. Ng3 Nc5 {0-1 (38) Tjong Tjin,J (1860)-Mungroo,F (2150) Paramaribo 2010
}) 10... Bf8 11. a4 a5 12. Bd2 exd4 (12... d5 $15) 13. cxd4 $11 axb4 14. Nxb4 (
{Much worse is} 14. Bxb4 c5 $15) 14... c5 15. Qc2 b6 (15... Qd8 $14) 16. Nd5 (
16. Ng5 $16 {aiming for e5.} h6 17. Nxf7 $1 {[%mdl 512]}) 16... Nxd5 17. exd5
Rxe1+ 18. Rxe1 g6 19. Bb5 $36 {[%mdl 2048] White is more active.} Nf6 20. dxc5
bxc5 21. Bc6 {[#]} (21. Ng5 $11 {remains equal.}) 21... Bb7 $1 $17 22. Qb2 Bxc6
23. dxc6 Nd5 24. Qb7 Rxa4 $2 {[#]} (24... Ra7 $17 {and life is bright.} 25.
Qxc7 Rxc7) 25. Re8 $1 $16 Ra7 $2 {[%mdl 8192]} ({Black should play} 25... Ra1+
$1 $14 26. Ne1 h6) 26. Bh6 $2 (26. Qb2 $18 {Intending Bh6 and mate.} Qxc6 27.
Qb8 (27. Rxf8+ Kxf8 28. Qb8+ {[%mdl 64] Double Attack} Kg7 $18) 27... Qxe8 28.
Qxe8) 26... Ra1+ $11 {The position is equal.} 27. Ne1 {[#]} Rxe1+ $1 {[%mdl
512]} 28. Rxe1 {White wants to mate with Qa8!} Bxh6 29. Qxc7 Nxc7 30. Re7 $1 {
[%cal Re7c7]} Nd5 31. Rd7 {[%mdl 32768] Accuracy: White = 45%, Black = 40%. .
Loss on time!?} 0-1

[Event "GER-ch Blitz 2019"]
[Site "Magdeburg"]
[Date "2019.05.25"]
[Round "4.13"]
[White "Krause, Benedict"]
[Black "Voege, Tobias"]
[Result "1/2-1/2"]
[WhiteElo "2434"]
[BlackElo "2294"]
[Annotator "NA"]
[PlyCount "102"]
[EventDate "2019.05.25"]
[EventType "tourn"]
[EventCountry "GER"]
[Tiebreak "Number of wins+Number of black wins"]
[SourceTitle "playchess.com"]
[Source "ChessBase"]
[SourceQuality "1"]
[TimeControl "180+2"]

1. e4 {[%emt 0:00:00]} c5 {[%emt 0:00:00]} 2. Nf3 {[%emt 0:00:00]} Nc6 {
[%emt 0:00:00]} 3. d4 {[%emt 0:00:01]} cxd4 {[%emt 0:00:01]} 4. Nxd4 {[%emt 0:
00:00]} g6 {[%emt 0:00:00]} 5. c4 {[%emt 0:00:02]} Bg7 {[%emt 0:00:01]} 6. Nc2
{[%emt 0:00:01]} Nf6 {[%emt 0:00:01]} 7. Nc3 {[%emt 0:00:01]} a6 8. Be3 {
[%emt 0:00:42]} b5 {[%emt 0:00:03]} 9. cxb5 {[%emt 0:00:04]} axb5 {[%emt 0:00:
01]} 10. Bxb5 {[%emt 0:00:01]} Nxe4 {[%emt 0:00:01]} 11. Nxe4 {[%emt 0:00:36]}
Qa5+ {[%emt 0:00:01]} 12. Nc3 {[%emt 0:00:02]} Bxc3+ {[%emt 0:00:01]} 13. bxc3
{[%emt 0:00:01]} Qxb5 {[%emt 0:00:03]} 14. Nd4 {[%emt 0:00:08]} Qc4 {[%emt 0:
00:17]} 15. Qb3 {[%emt 0:00:12]} Ba6 {[%emt 0:00:28]} 16. Qxc4 {[%emt 0:00:02]}
Bxc4 {[%emt 0:00:01]} 17. Nxc6 {[%emt 0:00:01]} dxc6 {[%emt 0:00:00]} 18. a4 {
[%emt 0:00:29]} O-O {[%emt 0:00:17]} 19. f3 {[%emt 0:00:06]} Rfb8 {[%emt 0:00:
15]} 20. Kf2 {[%emt 0:00:05]} Rb2+ {[%emt 0:00:12]} 21. Kg3 {[%emt 0:00:01]} f6
{[%emt 0:00:26]} 22. Rhb1 {[%emt 0:00:05]} Rxb1 {[%emt 0:00:27]} 23. Rxb1 {
[%emt 0:00:01]} Rxa4 {[%emt 0:00:36]} 24. Rb4 {[%emt 0:00:01]} Bb5 {[%emt 0:00:
03]} 25. Rxa4 {[%emt 0:00:02]} Bxa4 {[%emt 0:00:00]} 26. Bc5 {[%emt 0:00:02]}
Kf7 {[%emt 0:00:04]} 27. Kf4 {[%emt 0:00:04]} e5+ {[%emt 0:00:01]} 28. Ke3 {
[%emt 0:00:01]} Bb5 {[%emt 0:00:05]} 29. g3 {[%emt 0:00:01]} Ke6 {[%emt 0:00:
01]} 30. f4 {[%emt 0:00:01]} Kd5 {[%emt 0:00:09]} 31. Be7 {[%emt 0:00:03]} Ke6
{[%emt 0:00:09]} 32. Bd8 {[%emt 0:00:04]} Bc4 {[%emt 0:00:03]} 33. fxe5 {
[%emt 0:00:13]} Kxe5 {[%emt 0:00:10]} 34. h4 {[%emt 0:00:02]} h6 {[%emt 0:00:
01]} 35. Bc7+ {[%emt 0:00:02]} Kf5 {[%emt 0:00:01]} 36. Kf2 {[%emt 0:00:01]}
Kg4 {[%emt 0:00:01]} 37. Bd8 {[%emt 0:00:01]} Kf5 {[%emt 0:00:02]} 38. Bc7 {
[%emt 0:00:01]} g5 {[%emt 0:00:00]} 39. hxg5 {[%emt 0:00:01]} fxg5 {[%emt 0:00:
01]} 40. Kg1 {[%emt 0:00:05]} Kg4 {[%emt 0:00:02]} 41. Kh2 {[%emt 0:00:00]} Kf3
{[%emt 0:00:01]} 42. Be5 {[%emt 0:00:02]} h5 {[%emt 0:00:04]} 43. Bf6 {[%emt 0:
00:04]} Kg4 {[%emt 0:00:06]} 44. Bd8 {[%emt 0:00:01]} h4 45. gxh4 {[%emt 0:00:
01]} Kxh4 {[%emt 0:00:02]} 46. Kg1 {[%emt 0:00:02]} Kg4 {[%emt 0:00:01]} 47.
Bf6 {[%emt 0:00:01]} Kf4 {[%emt 0:00:01]} 48. Bh8 {[%emt 0:00:00]} g4 {[%emt 0:
00:00]} 49. Bg7 {[%emt 0:00:01]} Kf3 {[%emt 0:00:01]} 50. Bh8 {[%emt 0:00:01]}
g3 {[%emt 0:00:01]} 51. Bg7 {[%emt 0:00:01]} g2 {[%emt 0:00:02]} 1/2-1/2

[Event "GER-ch Blitz 2019"]
[Site "Magdeburg"]
[Date "2019.05.25"]
[Round "4.14"]
[White "Braeuning, Rudolf Wilhelm"]
[Black "Hebbinghaus, Holger"]
[Result "1-0"]
[WhiteElo "2285"]
[BlackElo "2310"]
[Annotator "NA"]
[PlyCount "64"]
[EventDate "2019.05.25"]
[EventType "tourn"]
[EventCountry "GER"]
[Tiebreak "Number of wins+Number of black wins"]
[SourceTitle "playchess.com"]
[Source "ChessBase"]
[SourceQuality "1"]
[TimeControl "180+2"]

1. e4 {[%emt 0:00:00]} Nf6 {[%emt 0:00:00]} 2. e5 {[%emt 0:00:00]} Nd5 {
[%emt 0:00:00]} 3. d4 {[%emt 0:00:00]} d6 {[%emt 0:00:00]} 4. f4 {[%emt 0:00:
01]} dxe5 {[%emt 0:00:01]} 5. fxe5 {[%emt 0:00:01]} c5 {[%emt 0:00:01]} 6. Nf3
{[%emt 0:00:04]} cxd4 {[%emt 0:00:07]} 7. Nxd4 {[%emt 0:00:08]} e6 {[%emt 0:00:
39]} 8. Bb5+ {[%emt 0:00:02]} Bd7 {[%emt 0:00:02]} 9. Bxd7+ {[%emt 0:00:10]}
Qxd7 {[%emt 0:00:18]} 10. O-O {[%emt 0:00:03]} Bc5 {[%emt 0:00:10]} 11. Kh1 {
[%emt 0:00:13]} O-O {[%emt 0:00:11]} 12. Qg4 {[%emt 0:00:17]} Kh8 {[%emt 0:00:
33]} 13. c3 {[%emt 0:00:21]} Nc6 {[%emt 0:00:05]} 14. Nxc6 {[%emt 0:00:07]}
Qxc6 {[%emt 0:00:12]} 15. Bg5 {[%emt 0:00:08]} Ne3 {[%emt 0:00:22]} 16. Bxe3 {
[%emt 0:00:03]} Bxe3 {[%emt 0:00:00]} 17. Na3 {[%emt 0:00:07]} Rad8 {[%emt 0:
00:06]} 18. Nc4 {[%emt 0:00:08]} Bc5 {[%emt 0:00:05]} 19. h3 {[%emt 0:00:15]}
b5 {[%emt 0:00:05]} 20. Na5 {[%emt 0:00:01]} Qc7 {[%emt 0:00:03]} 21. Nb3 {
[%emt 0:00:09]} Qxe5 {[%emt 0:00:06]} 22. Rae1 {[%emt 0:00:03]} Qc7 {[%emt 0:
00:09]} 23. Qh5 {[%emt 0:00:01]} Rc8 {[%emt 0:00:10]} 24. Re5 {[%emt 0:00:09]}
Bd6 {[%emt 0:00:08]} 25. Rxb5 {[%emt 0:00:19]} Qc4 {[%emt 0:00:05]} 26. Re1 {
[%emt 0:00:05]} g6 {[%emt 0:00:05]} 27. Qe2 {[%emt 0:00:01]} Bg3 {[%emt 0:00:
05]} 28. Qxc4 {[%emt 0:00:02]} Rxc4 {[%emt 0:00:01]} 29. Re3 {[%emt 0:00:01]}
Bf4 {[%emt 0:00:01]} 30. Rf3 {[%emt 0:00:04]} Rd8 {[%emt 0:00:02]} 31. Rf1 {
[%emt 0:00:16]} Kg8 {[%emt 0:00:06]} 32. Rb7 {[%emt 0:00:05]} e5 1-0

[Event "GER-ch Blitz 2019"]
[Site "Magdeburg"]
[Date "2019.05.25"]
[Round "4.15"]
[White "Barzen, Pascal"]
[Black "Heistermann, Till"]
[Result "1/2-1/2"]
[WhiteElo "2292"]
[BlackElo "2181"]
[Annotator "NA"]
[PlyCount "65"]
[EventDate "2019.05.25"]
[EventType "tourn"]
[EventCountry "GER"]
[Tiebreak "Number of wins+Number of black wins"]
[SourceTitle "playchess.com"]
[Source "ChessBase"]
[SourceQuality "1"]
[TimeControl "180+2"]

1. e4 {[%emt 0:00:00]} d6 {[%emt 0:00:00]} 2. d4 {[%emt 0:00:01]} e5 {[%emt 0:
00:00]} 3. Nf3 {[%emt 0:00:01]} exd4 {[%emt 0:00:00]} 4. Nxd4 {[%emt 0:00:01]}
Nf6 {[%emt 0:00:00]} 5. Nc3 {[%emt 0:00:00]} Be7 {[%emt 0:00:01]} 6. Be2 {
[%emt 0:00:03]} O-O {[%emt 0:00:02]} 7. O-O {[%emt 0:00:01]} Re8 {[%emt 0:00:
01]} 8. Bg5 {[%emt 0:00:04]} h6 {[%emt 0:00:05]} 9. Be3 {[%emt 0:00:17]} Bf8 {
[%emt 0:00:04]} 10. Bf3 {[%emt 0:00:32]} Nbd7 {[%emt 0:00:02]} 11. g3 {[%emt 0:
00:03]} Nc5 {[%emt 0:00:05]} 12. Re1 {[%emt 0:00:19]} Ncxe4 {[%emt 0:00:01]}
13. Nxe4 {[%emt 0:00:01]} Nxe4 {[%emt 0:00:01]} 14. Bxh6 {[%emt 0:00:24]} Nxf2
{[%emt 0:00:14]} 15. Kxf2 {[%emt 0:00:19]} gxh6 {[%emt 0:00:01]} 16. Qd3 {
[%emt 0:00:08]} Bg7 {[%emt 0:00:03]} 17. Rxe8+ {[%emt 0:00:05]} Qxe8 {[%emt 0:
00:01]} 18. Re1 {[%emt 0:00:01]} Qa4 {[%emt 0:00:29]} 19. c3 {[%emt 0:00:24]}
Bd7 {[%emt 0:00:31]} 20. a3 {[%emt 0:00:06]} Re8 {[%emt 0:00:13]} 21. Rxe8+ {
[%emt 0:00:01]} Bxe8 {[%emt 0:00:00]} 22. Bxb7 {[%emt 0:00:08]} Qa5 {[%emt 0:
00:07]} 23. Bf3 {[%emt 0:00:06]} Qb6 {[%emt 0:00:05]} 24. b4 {[%emt 0:00:12]}
c5 {[%emt 0:00:01]} 25. bxc5 {[%emt 0:00:13]} dxc5 {[%emt 0:00:02]} 26. Nf5 {
[%emt 0:00:04]} c4+ {[%emt 0:00:11]} 27. Qe3 {[%emt 0:00:00]} Qxe3+ {[%emt 0:
00:02]} 28. Kxe3 {[%emt 0:00:02]} Bxc3 {[%emt 0:00:00]} 29. Nd6 {[%emt 0:00:00]
} Bd7 {[%emt 0:00:06]} 30. Nxc4 {[%emt 0:00:01]} Be6 {[%emt 0:00:04]} 31. Be2 {
[%emt 0:00:02]} Kg7 {[%emt 0:00:04]} 32. Kd3 {[%emt 0:00:04]} Bxc4+ {[%emt 0:
00:05]} 33. Ke4 1/2-1/2

[Event "GER-ch Blitz 2019"]
[Site "Magdeburg"]
[Date "2019.05.25"]
[Round "5.1"]
[White "Gustafsson, Jan"]
[Black "Svane, Frederik"]
[Result "1-0"]
[WhiteElo "2639"]
[BlackElo "2342"]
[Annotator "TA"]
[PlyCount "53"]
[EventDate "2019.05.25"]
[EventType "tourn"]
[EventCountry "GER"]
[Tiebreak "Number of wins+Number of black wins"]
[SourceTitle "playchess.com"]
[Source "ChessBase"]
[SourceQuality "1"]

{[%evp 13,53,46,63,44,60,2,6,4,18,-3,51,41,51,21,39,28,32,17,0,0,0,3,64,37,174,
115,179,168,160,161,166,163,252,279,459,434,420,400,539,532,532,525]} 1. c4 Nf6
2. Nc3 g6 3. e4 d6 4. d4 Bg7 5. Be2 O-O 6. Be3 e5 7. d5 Na6 8. g4 {E73: King's
Indian: Averbakh Variation without 6...c5} (8. h4 Nc5 9. Qc2 c6 10. h5 cxd5 11.
cxd5 Qa5 12. h6 Bh8 13. f3 Bd7 14. Rb1 Na4 15. Qd2 Nxc3 16. bxc3 {1/2-1/2 (49)
Eljanov,P (2676)-Demchenko,A (2679) Germany 2019}) 8... Nc5 9. Bf3 (9. f3 $1
$14) 9... c6 $11 10. b4 {The position is equal.} cxd5 11. cxd5 ({Reject} 11.
bxc5 d4 $17) 11... Na6 $146 (11... Ncd7 $11) ({Predecessor:} 11... Ncxe4 12.
Nxe4 Nxe4 13. Bxe4 f5 14. gxf5 gxf5 15. Bc2 f4 {0-1 (37) Livaic,L (2464)
-Martinovic,S (2552) Mali Losinj 2017}) 12. a3 $14 Nc7 13. g5 Nd7 14. h4 a5 15.
h5 axb4 16. axb4 Rxa1 17. Qxa1 Na6 (17... f5 $11) 18. Qa3 Qc7 (18... f5 $14)
19. Be2 ({White should try} 19. h6 $18 Bh8 20. Nb5) 19... Nb6 {[#]} (19... Ndb8
$16) 20. Nb5 $1 $18 {[%cal Rb5c7]} Qd8 21. Qa5 $36 {[%mdl 2048] Keeping Black
busy.} Na8 {[#]} 22. Nf3 $1 Qxa5 (22... Re8 {is a better defense.} 23. Nd2 N6c7
) 23. bxa5 {[%cal Bb4a5,Ba5a6][%mdl 32]} Bd7 $2 (23... Rd8 {keeps fighting.}
24. Nd2 Nb4) 24. Nxd6 gxh5 25. Nxb7 Nb4 26. Kd2 Rb8 27. a6 {Accuracy: White =
75%, Black = 39%.} 1-0

[Event "GER-ch Blitz 2019"]
[Site "Magdeburg"]
[Date "2019.05.25"]
[Round "5.2"]
[White "Heidrich, Manfred"]
[Black "Schulze, Marc"]
[Result "1/2-1/2"]
[WhiteElo "2351"]
[BlackElo "2220"]
[Annotator "NA"]
[PlyCount "36"]
[EventDate "2019.05.25"]
[EventType "tourn"]
[EventCountry "GER"]
[Tiebreak "Number of wins+Number of black wins"]
[SourceTitle "playchess.com"]
[Source "ChessBase"]
[SourceQuality "1"]
[TimeControl "180+2"]

1. e4 {[%emt 0:00:00]} c5 {[%emt 0:00:00]} 2. c3 {[%emt 0:00:01]} d5 {[%emt 0:
00:00]} 3. exd5 {[%emt 0:00:01]} Qxd5 {[%emt 0:00:01]} 4. d4 {[%emt 0:00:00]}
Nf6 {[%emt 0:00:01]} 5. Nf3 {[%emt 0:00:01]} Bg4 {[%emt 0:00:00]} 6. Be2 {
[%emt 0:00:12]} e6 {[%emt 0:00:02]} 7. Na3 {[%emt 0:00:05]} cxd4 {[%emt 0:00:
16]} 8. Nb5 {[%emt 0:00:01]} Na6 {[%emt 0:00:05]} 9. Nbxd4 {[%emt 0:00:03]} Nc5
{[%emt 0:00:10]} 10. h3 {[%emt 0:00:10]} Bh5 {[%emt 0:00:02]} 11. Be3 {[%emt 0:
00:07]} a6 {[%emt 0:00:01]} 12. Nb3 {[%emt 0:00:10]} Qxd1+ {[%emt 0:00:05]} 13.
Rxd1 {[%emt 0:00:01]} Nxb3 {[%emt 0:00:09]} 14. axb3 {[%emt 0:00:01]} Be7 {
[%emt 0:00:09]} 15. b4 {[%emt 0:00:01]} O-O {[%emt 0:00:04]} 16. O-O {[%emt 0:
00:05]} Rfd8 {[%emt 0:00:05]} 17. Bb6 {[%emt 0:00:26]} Rxd1 {[%emt 0:00:02]}
18. Rxd1 {[%emt 0:00:01]} Nd5 {[%emt 0:00:07]} 1/2-1/2